|
|
|
|
| LEADER |
00998nam a2200313 a 4500 |
| 001 |
000386197 |
| 003 |
CZ BrMZK |
| 005 |
20080225132859.0 |
| 007 |
ta |
| 008 |
010907s1998 xr a e f 000 0 cze d |
| 015 |
|
|
|a cnb000611336
|
| 020 |
|
|
|a 80-85875-79-9
|
| 035 |
|
|
|a (OCoLC)41372607
|
| 040 |
|
|
|a BOA001
|b cze
|
| 072 |
|
7 |
|a 616
|x Patologie. Klinická medicína
|2 Konspekt
|9 14
|
| 080 |
|
|
|a 616.8-003.99-022.6
|2 MRF
|
| 080 |
|
|
|a (036)
|2 MRF
|
| 100 |
1 |
|
|a Kubala Havrdová, Eva,
|d 1955-
|7 nlk19990073204
|4 aut
|
| 245 |
1 |
0 |
|a Roztroušená skleróza /
|c Eva Havrdová
|
| 250 |
|
|
|a Vyd. 1.
|
| 260 |
|
|
|a Praha :
|b Triton,
|c 1998
|
| 300 |
|
|
|a 98 s. :
|b il. ;
|c 15 cm
|
| 490 |
1 |
|
|a Levou zadní ;
|v sv. 17
|
| 650 |
0 |
7 |
|a roztroušená skleróza
|7 ph180724
|2 czenas
|
| 655 |
|
7 |
|a informační publikace
|7 fd132454
|2 czenas
|
| 830 |
|
0 |
|a Levou zadní
|0 s
|
| 910 |
|
|
|a BOA001
|b 1-1054.114
|
| 990 |
|
|
|a BK
|
| 996 |
6 |
|
|b 2610084381
|c 1-1054.114
|l MZK
|r Sklad / do 1 hodiny
|n 26
|p p.v.
|w 000386197
|u 000010
|a 1
|e BOA001
|j MZK50
|s P
|